| 000 | 00415nam a2200145Ia 4500 | ||
|---|---|---|---|
| 008 | 230917s9999||||xx |||||||||||||| ||und|| | ||
| 040 |
_e107013 _aMAIN |
||
| 041 | _aEnglish | ||
| 082 | _a370.15 S64A | ||
| 100 | _aSingh, D.P. | ||
| 245 | 0 | _aAdhigam ayam vikash ke manosamajik adhar: psycho - social basis of learning and development | |
| 260 |
_aJaipur _bResearch publication |
||
| 300 | _a319p p. | ||
| 942 | _cBK | ||
| 999 |
_c118507 _d118507 |
||